Básnik ide ďalej Pred 85. rokmi sa narodil Vladimír V. Majakovskij

Bibliographic Details
Main Author: Marián, P. (Author)
Format: Article
Language:Slovak
Subjects:

MARC

LEADER 00000nab a2200000 a 4500
001 vtls000003865
003 SK-MaSNL
005 20260303020839.0
008 111103c1978 xo 0 slo
015 |a SNBRB19rr/mm-uuuuu 
035 |a CL0013958 
040 |a SNKBUCL  |b slo  |c SNKBUCL  |e AACR2 
041 0 |a slo 
044 |a xo  |c SK 
080 |a 82(091):882"19":92  |2 1981 
080 |a 882"19"  |2 1981 
080 |a 882(091)"19"  |2 1981 
080 |a 92 Majakovskij, Vladimír V.  |2 1981 
100 1 |a Marián, P.  |4 aut  |9 958482 
245 1 0 |a Básnik ide ďalej  |b Pred 85. rokmi sa narodil Vladimír V. Majakovskij  |c P. Marián 
600 1 7 |a Majakovskij, Vladimir Vladimirovič,  |d 1893-1930  |2 snkbucl  |9 107268 
655 7 |a články z novín a časopisov  |2 snkbucl  |9 267496 
655 7 |a články z odboru literárna veda a krásna literatúra  |2 snkbucl  |9 770045 
773 0 |t Ľud  |g Roč. 31, č. 173 (25. 7. 1978), s. /5/ 
850 |a Slovenská národná knižnica v Martine  |a MTA001 
852 |a SNK  |b KIS3GCP 
958 |a RK 
958 |a LX 
958 |a SK 
992 |a RBX 
999 |c 1620139  |d 1622069